|
|
|
|
| LEADER |
00000cam a2200000 a 4500 |
| 001 |
vtls001095819 |
| 003 |
SK-MaSNL |
| 005 |
20260301191904.0 |
| 008 |
240226s1985 xo da frnp 001 0 slo |
| 015 |
|
|
|a SNBA1985/11
|
| 020 |
|
|
|q (viazané)
|
| 035 |
|
|
|a SNK000038661
|
| 035 |
|
|
|a 369823CB-A5AE-4513-8D4D-578E6ACE45CE
|
| 035 |
|
|
|a urn:nbn:sk:snk-am00ihlh
|
| 040 |
|
|
|a SNK
|b slo
|c SNK
|e AACR2
|
| 041 |
0 |
|
|a slo
|
| 044 |
|
|
|a xo
|c SK
|
| 072 |
|
7 |
|a 159.929
|x Porovnávacia psychológia
|2 konspekt
|
| 072 |
|
7 |
|a 37.016
|x Učebné osnovy. Vyučovacie predmety. Učebnice
|2 konspekt
|
| 080 |
|
|
|a 159.92
|2 2011
|
| 080 |
|
|
|a (075.8)
|2 2011
|
| 100 |
1 |
|
|a Czako, Matej,
|d 1940-
|4 aut
|9 107770
|
| 245 |
1 |
0 |
|a Porovnávacia psychológia
|c Matej Czako, Martin Novacký
|
| 250 |
|
|
|a 1. vydanie
|
| 260 |
|
|
|a Bratislava
|b Slovenské pedagogické nakladateľstvo
|c 1985
|e Košice
|f Východoslovenské tlačiarne
|
| 300 |
|
|
|a 255 strán
|b grafy, ilustrácie
|c 25 cm
|
| 366 |
|
|
|e 2870 výtl.
|
| 504 |
|
|
|a Bibliografia na konci kapitol. Register
|
| 650 |
0 |
7 |
|a porovnávacia psychológia
|2 SNKPH
|9 1006
|
| 655 |
|
7 |
|a učebnice vysokých škôl
|2 SNKPH
|9 70191
|
| 700 |
1 |
|
|a Novacký, Martin,
|d 1939-
|4 aut
|9 28184
|
| 852 |
|
|
|a Slovenská národná knižnica
|
| 954 |
|
|
|a odborná, vedecká literatúra pôvodná (slovenská)
|2 lita
|
| 958 |
|
|
|a OND
|
| 958 |
|
|
|a NB
|
| 958 |
|
|
|a TL
|
| 958 |
|
|
|a UV
|
| 958 |
|
|
|a EUIPO
|
| 999 |
|
|
|c 872575
|d 874505
|
| 952 |
|
|
|t P60, <04>, [BOOK], {604}
|a SNK
|b SNK
|y VYP
|7 0
|p 17A0094041
|o snkSC 64077 D1
|i snkKSP 6801/85
|0 0
|1 0
|4 0
|d 1997-12-16
|l 0
|r 2004-12-31 00:00:00
|w 2026-02-24
|
| 952 |
|
|
|a SNK
|b SNK
|y PREZ
|7 0
|p 17A0916941
|o snkSC 64077
|i snkKSP 6800/85
|0 0
|1 0
|4 0
|d 2012-08-07
|f 1
|l 0
|r 2025-07-02 00:00:00
|w 2026-02-24
|